| 000 | 01282nam a2200217 4500 | ||
|---|---|---|---|
| 005 | 20250411150344.0 | ||
| 008 | 250411b |||||||| |||| 00| 0 eng d | ||
| 020 | _a9780552168861 | ||
| 037 | _cTextual | ||
| 040 |
_aRTL _cRTL |
||
| 084 |
_aY:393 Q4 _qRTL |
||
| 100 |
_aMischel, Walter _984196 |
||
| 245 | _aMarshmallow Test: Understanding self-control and how to master It | ||
| 260 |
_aLondon _bTransworld publishers _c2014 |
||
| 300 |
_aviii, 326 p. : ill. _bIncludes bibliographical references and index |
||
| 520 | _aThe Marshmallow Test A child is presented with a marshmallow and given a choice: Eat this one now, or wait and enjoy two later. What will she do? And what are the implications for her behaviour later in life? Walter Mischels now iconic marshmallow test, one of the most famous experiments in the history of psychology, proved that the ability to delay gratification is critical to living a successful and fulfilling life: self-control not only predicts higher marks in school, better social and cognitive functioning, and a greater sense of self-worth; it also helps us manage stress, pursue goals more effectively. | ||
| 650 |
_aSelf control _9752165 |
||
| 650 |
_aWill power _9752166 |
||
| 650 | _aPsychology | ||
| 942 |
_2CC _n0 _cTB _hY:393 Q4 |
||
| 999 |
_c1308868 _d1308868 |
||